000 00847nam a2200265 i 4500
003 DO-SdBNP
005 20241004151705.0
007 ta
008 131128s2018 xxua 000 0 spa d
020 _a9781387857722
040 _aDO-SdBNP
_bspa
_cBNPHU
_erda
082 4 _222
100 1 _aRodríguez Soriano, René,
_d1950-
_eautor
_4aut.
_9232
245 1 0 _aNo les guardo rencor, papá/
_cRené Rodríguez Soriano.
264 4 _aKingwood, Estados Unidos :
_bEditora MediaIsla,
_c2018.
300 _a76 páginas ;
_c23 cm.
336 _2rdacontent
_atexto
_btxt
337 _2rdamedia
_asin mediación
_bn
338 _2rdacarrier
_avolumen
_bnc
490 1 _aJuegos con lagartos
_v8
500 _aIncluye datos biografícos del autor en la solapa de la cubierta
590 _aInventariado, 2024/BT
910 _aBtavárez
942 _2ddc
_cLBS1
999 _c57762
_d57762